Statistics for Dukedoms in the peerages of Britain and Ireland

Click here to take the quiz!

General Stats

  • This quiz has been taken 585 times
  • The average score is 12 of 31

Answer Stats

Year of creationFull title% Correct
1986Duke of York
93%
2011Duke of Cambridge
89%
1947Duke of Edinburgh
81%
1337Duke of Cornwall
78%
1934Duke of Kent
78%
1438Duke of Norfolk
68%
1928Duke of Gloucester
67%
1694Duke of Devonshire
48%
1766Duke of Northumberland
48%
1874Duke of Westminster
45%
1814Duke of Wellington
44%
1702Duke of Marlborough
40%
1547Duke of Somerset
40%
1701Duke of Argyll
39%
1719Duke of Manchester
35%
1398Duke of Rothesay
31%
1900Duke of Fife
29%
1657Duke of Richmond, Lennox and Gordon
28%
1694Duke of Bedford
27%
1703Duke of Rutland
25%
1684Duke of St. Albans
25%
1643Duke of Hamilton and Brandon
23%
1766Duke of Leinster
23%
1833Duke of Sutherland
23%
1663Duke of Buccleuch and Queensbury
22%
1703Duke of Atholl
20%
1868Duke of Abercorn
19%
1682Duke of Beaufort
18%
1675Duke of Grafton
16%
1707Duke of Montrose
15%
1707Duke of Roxburghe
13%

Score Distribution

Percentile by Number Answered

Percent of People with Each Score

Your Score History

You have not taken this quiz